| 000 | 00790cab a2200301 4500 | ||
|---|---|---|---|
| 001 | ABS57230 | ||
| 008 | 090401t1997 xxu||||| |||| 00| 0 eng d | ||
| 035 | _a(Sirsi) u79811 | ||
| 041 | _aeng | ||
| 100 | _aHewes, M. | ||
| 245 | 4 | _aThe premier league | |
| 260 | _c1997 | ||
| 350 | _a0 | ||
| 490 |
_aBuilding _v262(7999) 18 July 1997, 36-42(7) |
||
| 520 | _aAnnual rankings survey of the top 50 UK contractors and housebuilders, by turnover, profit, employees and salaries. | ||
| 650 | _aCONTRACTORS | ||
| 650 | _aEMPLOYEES | ||
| 650 | _aHOUSE BUILDERS | ||
| 650 | _aLEAGUE TABLES | ||
| 650 | _aPROFIT | ||
| 650 | _aRANKING | ||
| 650 | _aSALARY SURVEYS | ||
| 650 | _aSTAFF | ||
| 650 | _aTURNOVER | ||
| 690 | _aBUILT ENVIRONMENT | ||
| 942 | _n0 | ||
| 948 | _c23/07/1997 | ||
| 999 |
_c50212 _d50212 |
||